Teatro flamenco contemporáneo / (Record no. 128948)

MARC details
000 -LEADER
campo de control de longitud fija 01022nam a2200253 i 4500
001 - NÚMERO DE CONTROL
campo de control 128948
003 - IDENTIFICADOR DE NÚMERO DE CONTROL
campo de control ES-MaACL
005 - FECHA Y HORA DE LA ÚLTIMA TRANSACCIÓN
campo de control 20260214172105.0
007 - CAMPO FIJO DE DESCRIPCIÓN FÍSICA--INFORMACIÓN GENERAL
campo de control de longitud fija t|
008 - DATOS DE LONGITUD FIJA--INFORMACIÓN GENERAL
campo de control de longitud fija 070531s1962 mx ||||1| spa d
245 00 - MENCIÓN DEL TÍTULO
Título Teatro flamenco contemporáneo /
Mención de responsabilidad, etc. recopilación, traducción, prólogo y notas de F.M. Lorda Alaiz.
260 ## - PUBLICACIÓN, DISTRIBUCIÓN, ETC.
Lugar de publicación, distribución, etc. México :
Nombre del editor, distribuidor, etc. Aguilar,
Fecha de publicación, distribución, etc. [1962]
300 ## - DESCRIPCIÓN FÍSICA
Extensión 412 p. ;
Dimensiones 20 cm.
505 8# - NOTA DE CONTENIDO CON FORMATO
Nota de contenido con formato Contiene: El hombre sin cuerpo / Herman Teirlinck.-- La bella durmiente / Raymond Brulez.-- Agamenón / Herwig Hensen.-- Una novia en la mañana / Hugo Claus.-- Sentencia provisional / Josef van Hoeck.-- Ahora que la aldea ya no existe / Tone Brulin
700 1# - ENTRADA AGREGADA--NOMBRE PERSONAL
Nombre de persona Teirlinck, Herman.
9 (RLIN) 109527
700 1# - ENTRADA AGREGADA--NOMBRE PERSONAL
Nombre de persona Brulez, Raymon.
9 (RLIN) 32121
700 1# - ENTRADA AGREGADA--NOMBRE PERSONAL
Nombre de persona Herwin, Hensen.
9 (RLIN) 63436
700 1# - ENTRADA AGREGADA--NOMBRE PERSONAL
Nombre de persona Claus, Hugo.
9 (RLIN) 39093
700 1# - ENTRADA AGREGADA--NOMBRE PERSONAL
Nombre de persona Hoeck, Josef van.
9 (RLIN) 63912
700 1# - ENTRADA AGREGADA--NOMBRE PERSONAL
Nombre de persona Brulin, Tone.
9 (RLIN) 32122
700 1# - ENTRADA AGREGADA--NOMBRE PERSONAL
Nombre de persona Lorda Alaiz, F. M.,
Fechas asociadas al nombre 1918-1992
9 (RLIN) 74084
852 ## - LOCALIZACIÓN
Ubicación ES-MaACL
Número de control de estantería C-56395
Sublocalización o colección R.89107
Holdings
Estatus retirado Estado de pérdida Estado de daño No para préstamo Biblioteca de origen Biblioteca actual Ubicación en estantería Fecha de adquisición Fuente de adquisición Total de préstamos Signatura topográfica completa Código de barras Visto por última vez Precio de reemplazo Tipo de ítem Koha
        Biblioteca del Ateneo de Madrid Biblioteca del Ateneo de Madrid Depósito 2 17/01/2008     C-56395 1134287 23/02/2023 23/02/2023 Libro impreso